Pokémon Names Similar To Real Words - Statistics

General Stats
  • This quiz has been taken 19 times
    8 since last reset
  • The average score is 11 of 21
Answers on the Grid
Answers color-coded by a green-red scale on the quiz's grid according to % correct below.
Onix
Muck
Trubbish
Electrode
Onyx
Taurus
Muk
Wheezing
Snake
Oddish
Kabuto
Tauros
Ekans
Hypnosis
Weezing
Cobra
Dewgong
Jynx
Rubbish
Haunter
Jinx
Hypno
Gloom
Seal
Golem
Golurk
Slowpoke
Scyther
Dugong
Arbok
Ditto
Seel
 
Answer Stats
Answer % Correct
Onix
71%
Arbok
57%
Ditto
57%
Electrode
57%
Haunter
57%
Hypno
57%
Kabuto
57%
Oddish
57%
Scyther
57%
Slowpoke
57%
Tauros
57%
Trubbish
57%
Weezing
57%
Dewgong
43%
Ekans
43%
Gloom
43%
Golem
43%
Golurk
43%
Jynx
43%
Muk
43%
Seel
43%
No matching quizzes found
Score Distribution
Percent of People with Each Score
Percentile by Number Answered
Your Score History
You have not taken this quiz since the last reset